European History: Great Leaders and Landmarks / (Record no. 186974)
[ view plain ]
| 000 -LEADER | |
|---|---|
| fixed length control field | 00683 a2200181 4500 |
| 003 - CONTROL NUMBER IDENTIFIER | |
| control field | Nust |
| 005 - DATE AND TIME OF LATEST TRANSACTION | |
| control field | 20230202095849.0 |
| 040 ## - CATALOGING SOURCE | |
| Transcribing agency | Nust |
| 082 ## - DEWEY DECIMAL CLASSIFICATION NUMBER | |
| Classification number | 940,COL |
| 100 ## - MAIN ENTRY--PERSONAL NAME | |
| Personal name | H. J. Chaytor |
| 9 (RLIN) | 108440 |
| 245 ## - TITLE STATEMENT | |
| Title | European History: Great Leaders and Landmarks / |
| Statement of responsibility, etc. | Willaim Collinge, MA |
| 250 ## - EDITION STATEMENT | |
| Edition statement | VOL-V |
| 260 ## - PUBLICATION, DISTRIBUTION, ETC. | |
| Place of publication, distribution, etc. | London |
| Name of publisher, distributor, etc. | The Gresham Publishing company |
| Date of publication, distribution, etc. | 1914 |
| 300 ## - PHYSICAL DESCRIPTION | |
| Extent | Various pages |
| 505 ## - FORMATTED CONTENTS NOTE | |
| Formatted contents note | Introduction (Page-1), The Welding Of The British Empire (Page-13), Pan Germanism (Page-71), Pan Slavism (Page-93), The Latin Nations (Page-131), The Powers Outside Europe (Page-170), Conclusion (Page-195). |
| 650 ## - SUBJECT ADDED ENTRY--TOPICAL TERM | |
| Topical term or geographic name entry element | Eurpean History |
| 9 (RLIN) | 108403 |
| 942 ## - ADDED ENTRY ELEMENTS (KOHA) | |
| Source of classification or shelving scheme | |
| Koha item type | Book |
| Call number prefix | 940,COL |
| Withdrawn status | Lost status | Source of classification or shelving scheme | Damaged status | Not for loan | Permanent Location | Current Location | Shelving location | Date acquired | Full call number | Barcode | Date last seen | Price effective from | Koha item type | Public note |
|---|---|---|---|---|---|---|---|---|---|---|---|---|---|---|
| Military College of Signals (MCS) | Military College of Signals (MCS) | General Stacks | 12/12/2016 | 940,CHA | MCS30223 | 12/08/2016 | 12/12/2016 | Book | Almirah No.75, Shelf No.5 | |||||
| Military College of Signals (MCS) | Military College of Signals (MCS) | General Stacks | 12/12/2016 | 940,CHA | MCS30224 | 12/08/2016 | 12/12/2016 | Book | Almirah No.75, Shelf No.5 | |||||
| Military College of Signals (MCS) | Military College of Signals (MCS) | General Stacks | 12/12/2016 | 940,COL | MCS30225 | 12/08/2016 | 12/12/2016 | Book | Almirah No. 59, Shelf No. 6 |
